| 000 | 00841cam0 22002651ib4500 | ||
|---|---|---|---|
| 001 | BY-MI0011-br20121 | ||
| 005 | 20250226131937.0 | ||
| 035 | ^a(BY-MI0011)BY-MI0011-br20121 | ||
| 100 | ^a20161115d1971 y0rusy50 ca | ||
| 101 | 0 | ^arus | |
| 102 | ^aRU | ||
| 105 | ^aa z 000yy | ||
| 200 | 1 |
^aМоя первая зоология ^fЕ.И.Чарушин |
|
| 210 |
^aМ. ^cДет. лит. ^d1971 |
||
| 215 | ^a72 с. | ||
| 610 | 0 | ^aЗООЛОГИЯ | |
| 610 | 0 | ^aЗААЛОГIЯ | |
| 686 |
^a84(2Рос=Рус)6 ^v2 ^2rubbk |
||
| 690 |
^a1 ^2Base ^9BY-MI0011 ^xRSEK |
||
| 700 | 1 |
^aЧарушин ^bЕ. И. |
|
| 801 | 0 |
^aBY ^bBY-MI0011 ^c20161115 ^gpsbo |
|
| 801 | 2 |
^aBY ^bBY-MI0011 ^c20250217 ^gpsbo |
|
| 899 |
^aBY-MI0011 ^h84(2Рос=Рус)6 ^iЧ 23 |
||